000 00642nam a2200193 a 4500
001 000017650
005 20240412074248.0
008 100329s1995 dr 000 0 spa d
040 _aDO-SdBNP
_bspa
_cBNPHU
082 _aRD863.44
_bB253t
100 1 _aBarinas Coiscou, Sócrates,
_d1916-2021
_924379
245 1 0 _aMartires de la libertad americana /
_cSocrates Barinas Coiscou.
260 _a[San Cristóbal] :
_b[Editora H. T.],
_c1995.
300 _a108 p. ;
_c21 cm.
500 _aIncluye datos biográficos del autor en la página 105-107
650 4 _aCuento dominicano
_926903
650 0 _aLiteratura dominicana.
_967
049 _aBNPD
999 _c17175
_d17175